[Event "ITA-chT Final 56th"]
[Site "Darfo Boario Terme"]
[Date "2025.04.12"]
[Round "8.35"]
[White "Rossini, Fulvio"]
[Black "Podetti, Davide"]
[Result "1/2-1/2"]
[WhiteElo "2140"]
[BlackElo "2251"]
[PlyCount "101"]
[EventDate "2025.04.07"]
[EventType "team-swiss"]
[EventRounds "9"]
[EventCountry "ITA"]
[SourceTitle "CB16_2025"]
[SourceDate "2025.04.16"]
[SourceVersion "1"]
[SourceVersionDate "2025.04.16"]
[SourceQuality "1"]
[WhiteTeam "Mimosa Elite"]
[BlackTeam "Cerianese Scacchistica"]
[WhiteTeamCountry "ITA"]
[BlackTeamCountry "ITA"]

1. e4 c5 2. Nf3 Nc6 3. d4 cxd4 4. Nxd4 Nf6 5. Nc3 e6 6. Ndb5 d6 7. Bf4 e5 8. Bg5 a6 9. Na3 b5 10. Nd5 Be7 11. Bxf6 Bxf6 12. c3 0-0 13. Nc2 Bg5 14. a4 Rb8 15. axb5 axb5 16. b4 Ne7 17. Nxe7+ Qxe7 18. Ra5 Qc7 19. Qa1 Qc6 20. Bd3 f5 21. Na3 Bd8 22. Rxb5 Rxb5 23. Nxb5 fxe4 24. Be2 Bb6 25. 0-0 Be6 26. Na3 Qc7 27. Nb5 Qc6 28. Na3 h6 29. c4 Bd4 30. Qb1 Qb6 31. Qe1 e3 32. fxe3 Rxf1+ 33. Bxf1 Bxe3+ 34. Kh1 Bf2 35. c5 Qxc5 36. bxc5 Bxe1 37. cxd6 Kf8 38. Bc4 Bf5 39. Kg1 Bb4 40. Nb5 Bc5+ 41. Kf1 Ke8 42. Nc7+ Kd7 43. Bb5+ Kd8 44. Ne8 g6 45. Ke2 Be6 46. h3 Bf7 47. d7 Be7 48. Ng7 Bf8 49. Ne8 Be7 50. Ng7 Bf8 51. Ne8 1/2-1/2

[Event "ITA-chT Final 56th"]
[Site "Darfo Boario Terme"]
[Date "2025.04.10"]
[Round "5.27"]
[White "Podetti, Davide"]
[Black "Ladron de Guevara Pinto, Paolo"]
[Result "1/2-1/2"]
[WhiteElo "2251"]
[BlackElo "2411"]
[PlyCount "34"]
[EventDate "2025.04.07"]
[EventType "team-swiss"]
[EventRounds "9"]
[EventCountry "ITA"]
[SourceTitle "CB16_2025"]
[SourceDate "2025.04.16"]
[SourceVersion "1"]
[SourceVersionDate "2025.04.16"]
[SourceQuality "1"]
[WhiteTeam "Cerianese Scacchistica"]
[BlackTeam "WorldtradingLab"]
[WhiteTeamCountry "ITA"]
[BlackTeamCountry "ITA"]

1. e4 e5 2. Nf3 Nc6 3. Bb5 a6 4. Ba4 Nf6 5. 0-0 Bc5 6. c3 b5 7. Bc2 d6 8. d4 Ba7 9. h3 0-0 10. Be3 Bb7 11. Nbd2 Re8 12. Re1 h6 13. a3 Bb6 14. Bd3 Nb8 15. a4 c6 16. Qc2 Nbd7 17. Rad1 Qc7 1/2-1/2

[Event "ITA-chT Final 56th"]
[Site "Darfo Boario Terme"]
[Date "2025.04.08"]
[Round "3.39"]
[White "Podetti, Davide"]
[Black "Cacco, Christian"]
[Result "1-0"]
[WhiteElo "2251"]
[BlackElo "2319"]
[PlyCount "49"]
[EventDate "2025.04.07"]
[EventType "team-swiss"]
[EventRounds "9"]
[EventCountry "ITA"]
[SourceTitle "CB16_2025"]
[SourceDate "2025.04.16"]
[SourceVersion "1"]
[SourceVersionDate "2025.04.16"]
[SourceQuality "1"]
[WhiteTeam "Cerianese Scacchistica"]
[BlackTeam "Il Grifone D’Arzignano"]
[WhiteTeamCountry "ITA"]
[BlackTeamCountry "ITA"]

1. e4 g6 2. d4 Bg7 3. Nc3 d6 4. Be3 c6 5. Qd2 Nd7 6. Nf3 Qa5 7. Bd3 Ngf6 8. Bh6 0-0 9. 0-0 Re8 10. Rfe1 e5 11. h3 Nf8 12. Rad1 Ne6 13. Be3 Nh5 14. Bc4 Bf8 15. a3 Qc7 16. Ng5 Nhg7 17. Nf3 Nh5 18. Ng5 Nhg7 19. Nxe6 Nxe6 20. Bf4 Ng7 21. Be3 Ne6 22. d5 Nd8 23. f4 c5 24. fxe5 Rxe5 25. Bf4 1-0

[Event "Titled Tuesday intern op 07th May Early"]
[Site "Chess.com INT"]
[Date "2024.05.07"]
[Round "3"]
[White "Podetti, Davide"]
[Black "Kharmunova, Nadezhda"]
[Result "1-0"]
[WhiteElo "2246"]
[BlackElo "2023"]
[PlyCount "83"]
[EventDate "2024.05.07"]
[EventType "swiss (blitz)"]
[EventRounds "11"]
[EventCountry "USA"]
[SourceTitle "EXT 2025"]
[Source "ChessBase"]
[SourceDate "2024.10.14"]
[SourceVersion "1"]
[SourceVersionDate "2024.10.14"]
[SourceQuality "1"]

1. e4 c6 2. d4 d5 3. exd5 cxd5 4. Bd3 Nc6 5. c3 Nf6 6. Bf4 Bg4 7. Qb3 Na5 8. Qa4+ Bd7 9. Qc2 e6 10. Nf3 Rc8 11. Nbd2 Be7 12. Ne5 0-0 13. 0-0 Nc6 14. Ndf3 Nxe5 15. Nxe5 a6 16. a4 Bc6 17. Qe2 Nd7 18. Rfe1 Nxe5 19. Bxe5 Bf6 20. Qf3 Bxe5 21. Rxe5 Qf6 22. Qg3 Rfe8 23. f4 b5 24. axb5 Bxb5 25. Bc2 Re7 26. Rae1 Rb7 27. f5 Bd7 28. fxe6 Bxe6 29. Rf1 Qh6 30. b4 Rbc7 31. Re3 Qh5 32. Rf4 g5 33. Rf6 Qh4 34. Qe5 a5 35. bxa5 Ra7 36. Rxe6 Rxa5 37. Re8+ Rxe8 38. Qxe8+ Kg7 39. Qe5+ Kg8 40. Rg3 Ra1+ 41. Kf2 Ra2 42. Qxg5+ 1-0

[Event "Forni di Sopra op 14th"]
[Site "Forni di Sopra"]
[Date "2023.06.16"]
[Round "8"]
[White "Podetti, Davide"]
[Black "Bettalli, Francesco"]
[Result "1/2-1/2"]
[WhiteElo "2305"]
[BlackElo "2270"]
[PlyCount "84"]
[EventDate "2023.06.10"]
[EventType "swiss"]
[EventRounds "9"]
[EventCountry "ITA"]
[SourceTitle "CBM 214 Extra"]
[Source "ChessBase"]
[SourceDate "2023.07.31"]
[SourceVersion "1"]
[SourceVersionDate "2023.07.31"]
[SourceQuality "1"]

1. e4 c5 2. Nf3 Nc6 3. Bb5 g6 4. Bxc6 dxc6 5. d3 Bg7 6. h3 Nf6 7. Nc3 0-0 8. Be3 b6 9. a4 a5 10. Qd2 e5 11. Bh6 Qe7 12. Bxg7 Kxg7 13. g4 Ne8 14. Rg1 f6 15. 0-0-0 Nc7 16. Qe3 Ne6 17. Nh4 Nd4 18. f4 exf4 19. Qxf4 Qe5 20. Qf2 b5 21. Rdf1 b4 22. Nd1 Ba6 23. Ne3 b3 24. c4 Rab8 25. Nd1 Nc2 26. Nf3 Qd6 27. Qd2 Nb4 28. Nf2 Rbd8 29. Rd1 Rd7 30. Qe3 Nc2 31. Qd2 Qc7 32. g5 Bxc4 33. Ng4 Nb4 34. gxf6+ Kg8 35. Nfe5 Bxd3 36. Nxd3 Rxd3 37. Qg5 Qd6 38. Rdf1 Qd4 39. f7+ Kh8 40. Qe5+ Qxe5 41. Nxe5 Rd6 42. Rg3 Kg7 1/2-1/2

[Event "Forni di Sopra op 14th"]
[Site "Forni di Sopra"]
[Date "2023.06.12"]
[Round "3"]
[White "Bulmaga, Irina"]
[Black "Podetti, Davide"]
[Result "1-0"]
[WhiteElo "2424"]
[BlackElo "2305"]
[PlyCount "147"]
[EventDate "2023.06.10"]
[EventType "swiss"]
[EventRounds "9"]
[EventCountry "ITA"]
[SourceTitle "CBM 214 Extra"]
[Source "ChessBase"]
[SourceDate "2023.07.31"]
[SourceVersion "1"]
[SourceVersionDate "2023.07.31"]
[SourceQuality "1"]

1. e4 e5 2. Nf3 Nc6 3. Bb5 a6 4. Ba4 Nf6 5. 0-0 b5 6. Bb3 Bc5 7. a4 Rb8 8. c3 d6 9. d4 Bb6 10. a5 Ba7 11. h3 0-0 12. Be3 Ra8 13. Nbd2 h6 14. Re1 Re8 15. Qc2 exd4 16. Bxd4 Ne5 17. Rad1 Nfd7 18. Nxe5 dxe5 19. Be3 Bxe3 20. Rxe3 c5 21. Bd5 Ra7 22. Rf3 Nf6 23. Nb3 Qe7 24. c4 Rc7 25. Rc3 b4 26. Rf3 Bd7 27. Nd2 Be6 28. Bxe6 Qxe6 29. Nf1 Rd7 30. Rd5 Nxd5 31. cxd5 Qg6 32. Rg3 Qh5 33. Rg4 g5 34. Ng3 Qg6 35. Nf5 Rc8 36. Qc4 h5 37. Rg3 Kh7 38. h4 g4 39. f3 Rg8 40. fxg4 hxg4 41. Qxc5 Qf6 42. d6 Rg6 43. Rd3 g3 44. Rd5 Qe6 45. Qe3 Rf6 46. Qf3 Rg6 47. Qh5+ Kg8 48. Rxe5 Qxe5 49. Nh6+ Rxh6 50. Qxe5 Rdxd6 51. Qxg3+ Rhg6 52. Qe3 Rg4 53. h5 Re6 54. e5 Kg7 55. Kf2 Rc4 56. Kf3 Rc8 57. Kf4 Rce8 58. Qg3+ Kh8 59. Kf5 Rg8 60. Qf3 Rb8 61. Qd3 Rb5 62. Qd8+ Kg7 63. Qc7 b3 64. g4 Rf6+ 65. Ke4 Rb4+ 66. Ke3 Rh6 67. Kf3 Rb5 68. Qc3 Re6 69. Kf4 Kh6 70. g5+ Kg7 71. Kf5 Rb7 72. g6 Rbe7 73. h6+ Kh8 74. gxf7 1-0

[Event "ITA-chT GpA 54th"]
[Site "Bacoli"]
[Date "2023.04.25"]
[Round "1"]
[White "Podetti, Davide"]
[Black "Andreev, Konstantin1"]
[Result "1/2-1/2"]
[WhiteElo "2281"]
[BlackElo "2167"]
[PlyCount "88"]
[EventDate "2023.04.25"]
[EventType "team-tourn"]
[EventRounds "7"]
[EventCountry "ITA"]
[SourceTitle "CBM 213 Extra"]
[Source "ChessBase"]
[SourceDate "2023.05.31"]
[SourceVersion "1"]
[SourceVersionDate "2023.05.31"]
[SourceQuality "1"]
[WhiteTeam "Cerianese Scacchistica"]
[BlackTeam "Montebelluna Grandiscacchi"]
[WhiteTeamCountry "ITA"]
[BlackTeamCountry "ITA"]

1. e4 c5 2. Nf3 e6 3. d4 cxd4 4. Nxd4 Nc6 5. Nc3 Qc7 6. Be2 a6 7. Be3 Nf6 8. 0-0 Be7 9. f4 d6 10. Qe1 0-0 11. Kh1 Bd7 12. Qg3 Nxd4 13. Bxd4 Bc6 14. Rae1 b5 15. a3 Qb7 16. Bf3 Rac8 17. e5 dxe5 18. fxe5 Nd5 19. Ne4 Qc7 20. Qg4 Kh8 21. Nd6 Rb8 22. Ne4 b4 23. Nd6 a5 24. axb4 axb4 25. Be4 f5 26. exf6 Nxf6 27. Bxf6 Bxf6 28. Bxc6 Qxd6 29. Be4 g6 30. Qh3 Kg7 31. b3 Bc3 32. Rd1 Rxf1+ 33. Rxf1 Rf8 34. Bd3 Rxf1+ 35. Bxf1 Bd4 36. Qf3 Bb6 37. Bd3 Qd4 38. Qf1 e5 39. Qe1 Qf4 40. Qf1 Qe3 41. g3 e4 42. Bc4 Bc5 43. Kg2 Qd2+ 44. Qe2 Qxe2+ 1/2-1/2

[Event "Titled Tuesday intern op 07th Feb Early"]
[Site "Chess.com INT"]
[Date "2023.02.07"]
[Round "7"]
[White "Oro, Faustino"]
[Black "Podetti, Davide"]
[Result "0-1"]
[WhiteElo "2211"]
[BlackElo "2291"]
[PlyCount "90"]
[EventDate "2023.02.07"]
[EventType "swiss (blitz)"]
[EventRounds "11"]
[EventCountry "USA"]
[SourceTitle "EXT 2024"]
[Source "ChessBase"]
[SourceDate "2023.10.10"]
[SourceVersion "1"]
[SourceVersionDate "2023.10.10"]
[SourceQuality "1"]

1. Nf3 d5 2. g3 Nf6 3. Bg2 c5 4. 0-0 Nc6 5. d4 cxd4 6. Nxd4 e5 7. Nxc6 bxc6 8. c4 Be6 9. Nc3 Qd7 10. Bg5 d4 11. Bxf6 gxf6 12. Ne4 Be7 13. Qa4 0-0 14. Nd2 Rab8 15. Bxc6 Qc7 16. Bd5 Rxb2 17. Nf3 Qd7 18. Qa5 Qd8 19. Qxa7 Rxe2 20. Nh4 Qd7 21. Qa6 d3 22. Rad1 Bxd5 23. cxd5 e4 24. Qc4 f5 25. Ng2 Bg5 26. h4 Bh6 27. Qd4 Rd8 28. Qf6 Qd6 29. Qxf5 Qxd5 30. Qg4+ Kh8 31. Rfe1 Rxe1+ 32. Rxe1 f5 33. Qh5 Qe6 34. Rd1 Qg6 35. Qxg6 hxg6 36. Kf1 Ra8 37. Ne1 Rxa2 38. f3 Be3 39. Ng2 Rf2+ 40. Kg1 Rxf3+ 41. Kh2 Bd4 42. Rb1 Be5 43. Rb5 Bxg3+ 44. Kg1 d2 45. Rd5 e3 0-1

[Event "Titled Tuesday intern op 07th Feb Early"]
[Site "Chess.com INT"]
[Date "2023.02.07"]
[Round "6"]
[White "Podetti, Davide"]
[Black "Koellner, Ruben Gideon"]
[Result "1-0"]
[WhiteElo "2291"]
[BlackElo "2410"]
[PlyCount "61"]
[EventDate "2023.02.07"]
[EventType "swiss (blitz)"]
[EventRounds "11"]
[EventCountry "USA"]
[SourceTitle "EXT 2024"]
[Source "ChessBase"]
[SourceDate "2023.10.10"]
[SourceVersion "1"]
[SourceVersionDate "2023.10.10"]
[SourceQuality "1"]

1. e4 d6 2. d4 Nf6 3. Nc3 e5 4. Nf3 Nbd7 5. Bc4 Be7 6. 0-0 c6 7. a4 h6 8. Qe2 Qc7 9. Rd1 Nf8 10. dxe5 dxe5 11. Nh4 g6 12. f4 exf4 13. e5 Ng4 14. Nf3 Bc5+ 15. Kf1 Ne3+ 16. Bxe3 Bxe3 17. Ne4 Be6 18. Nf6+ Ke7 19. Bxe6 Nxe6 20. Rd7+ Qxd7 21. Nxd7 Kxd7 22. Rd1+ Ke7 23. g3 g5 24. gxf4 gxf4 25. Nh4 Rad8 26. Nf5+ Ke8 27. Rxd8+ Kxd8 28. Qd3+ Kc8 29. Qd6 Nc7 30. Qf6 Rg8 31. Ne7+ 1-0

[Event "Titled Tuesday intern op 18th Oct Early"]
[Site "Chess.com INT"]
[Date "2022.10.18"]
[Round "5"]
[White "Hambleton, Aman"]
[Black "Podetti, Davide"]
[Result "1/2-1/2"]
[WhiteElo "2437"]
[BlackElo "2260"]
[PlyCount "129"]
[EventDate "2022.10.18"]
[EventType "swiss (blitz)"]
[EventRounds "11"]
[EventCountry "USA"]
[SourceTitle "EXT 2024"]
[Source "ChessBase"]
[SourceDate "2023.10.10"]
[SourceVersion "1"]
[SourceVersionDate "2023.10.10"]
[SourceQuality "1"]

1. d4 Nf6 2. Bf4 d5 3. e3 e6 4. Nf3 Bd6 5. Nbd2 0-0 6. Bd3 c5 7. c3 Nc6 8. Bg3 Qe7 9. Ne5 Nd7 10. Nxd7 Qxd7 11. Bxd6 Qxd6 12. f4 cxd4 13. cxd4 Nb4 14. Bb1 Bd7 15. a3 Nc6 16. 0-0 Rac8 17. Bd3 Ne7 18. Qe2 Rc7 19. Rfc1 Rfc8 20. Rxc7 Rxc7 21. Qd1 Qb6 22. Qb3 Qxb3 23. Nxb3 f6 24. Kf2 g6 25. Rc1 Rxc1 26. Nxc1 Ba4 27. b3 Bd7 28. Ne2 Kf7 29. Ng1 Nc8 30. Nf3 Nd6 31. g4 Bb5 32. Bc2 a5 33. g5 Be8 34. h4 a4 35. bxa4 Nc4 36. Bb3 Nxa3 37. Nd2 fxg5 38. fxg5 Ke7 39. Ke2 Nc4 40. Bxc4 dxc4 41. Nxc4 Bxa4 42. Ne5 Bb5+ 43. Kd2 Be8 44. Ng4 Bc6 45. Nf6 h5 46. e4 Bb5 47. Kc3 Kd6 48. Kb4 Ba6 49. Ka5 Bd3 50. Kb6 e5 51. d5 Bxe4 52. Nxe4+ Kxd5 53. Nf6+ Kd4 54. Nxh5 e4 55. Ng3 Ke5 56. Kxb7 e3 57. Ne2 Kf5 58. Kc6 Kg4 59. h5 Kxh5 60. Kd5 Kxg5 61. Ke4 Kf6 62. Kxe3 g5 63. Kf3 g4+ 64. Kg3 Ke6 65. Kxg4 1/2-1/2

[Event "Titled Tuesday intern op 18th Oct Early"]
[Site "Chess.com INT"]
[Date "2022.10.18"]
[Round "9"]
[White "Podetti, Davide"]
[Black "Aizpurua, Patrick Emilio"]
[Result "0-1"]
[WhiteElo "2260"]
[BlackElo "2302"]
[PlyCount "90"]
[EventDate "2022.10.18"]
[EventType "swiss (blitz)"]
[EventRounds "11"]
[EventCountry "USA"]
[SourceTitle "EXT 2024"]
[Source "ChessBase"]
[SourceDate "2023.10.10"]
[SourceVersion "1"]
[SourceVersionDate "2023.10.10"]
[SourceQuality "1"]

1. e4 e5 2. Nf3 Nc6 3. Bb5 Nge7 4. c3 g6 5. d4 exd4 6. cxd4 a6 7. Ba4 b5 8. Bb3 Bg7 9. 0-0 0-0 10. Nc3 d6 11. h3 Na5 12. Bc2 c5 13. dxc5 dxc5 14. Qxd8 Rxd8 15. Be3 Nb7 16. Rad1 Be6 17. Ng5 Bc4 18. Rfe1 h6 19. Nf3 Kh7 20. e5 Nf5 21. Bc1 Rxd1 22. Rxd1 Rd8 23. Rxd8 Nxd8 24. b3 Be6 25. Ne4 Nb7 26. g4 Ne7 27. Be3 c4 28. Kf1 Nc6 29. Ke2 Nxe5 30. Nxe5 Bxe5 31. f4 cxb3 32. axb3 Bg7 33. f5 gxf5 34. Ng3 Na5 35. b4 Bc4+ 36. Kf2 Nc6 37. Bd2 Nd4 38. Bb1 Bf8 39. Bc3 Nc6 40. Bxf5+ Kg8 41. Nh5 Bxb4 42. Nf6+ Kh8 43. Ba1 Bc5+ 44. Kf3 Bd4 45. Ke4 Bxa1 0-1

[Event "Titled Tuesday intern op 18th Oct Early"]
[Site "Chess.com INT"]
[Date "2022.10.18"]
[Round "1"]
[White "Podetti, Davide"]
[Black "Kamsky, Gata"]
[Result "0-1"]
[WhiteElo "2260"]
[BlackElo "2666"]
[PlyCount "52"]
[EventDate "2022.10.18"]
[EventType "swiss (blitz)"]
[EventRounds "11"]
[EventCountry "USA"]
[SourceTitle "EXT 2024"]
[Source "ChessBase"]
[SourceDate "2023.10.10"]
[SourceVersion "1"]
[SourceVersionDate "2023.10.10"]
[SourceQuality "1"]

1. e4 c5 2. Nf3 e6 3. c4 a6 4. Nc3 b6 5. g3 Bb7 6. Bg2 Ne7 7. 0-0 Nbc6 8. d4 cxd4 9. Nxd4 Nxd4 10. Qxd4 Nc6 11. Qd2 Ne5 12. b3 Be7 13. Bb2 0-0 14. h3 f5 15. f4 Ng6 16. Rad1 b5 17. exf5 Qb6+ 18. Kh2 Rxf5 19. Bxb7 Qxb7 20. Qxd7 Qxd7 21. Rxd7 bxc4 22. bxc4 Rc8 23. g4 Rf7 24. f5 Ne5 25. Ra7 Nxc4 26. Ba1 Bd6+ 0-1

[Event "Titled Tuesday intern op 11th Oct Early"]
[Site "Chess.com INT"]
[Date "2022.10.11"]
[Round "4"]
[White "Podetti, Davide"]
[Black "Evdokimov, Alexey2"]
[Result "1-0"]
[WhiteElo "2260"]
[BlackElo "2254"]
[PlyCount "73"]
[EventDate "2022.10.11"]
[EventType "swiss (blitz)"]
[EventRounds "11"]
[EventCountry "USA"]
[SourceTitle "EXT 2024"]
[Source "ChessBase"]
[SourceDate "2023.10.10"]
[SourceVersion "1"]
[SourceVersionDate "2023.10.10"]
[SourceQuality "1"]

1. e4 c6 2. d4 d5 3. exd5 cxd5 4. Bd3 Nc6 5. c3 Nf6 6. Bf4 Bg4 7. Qb3 Qd7 8. Nd2 e6 9. Ngf3 Bxf3 10. Nxf3 Bd6 11. Bxd6 Qxd6 12. 0-0 0-0 13. Rfe1 Rab8 14. Ne5 Nd7 15. f4 Rfc8 16. Qd1 g6 17. Qf3 b5 18. g4 b4 19. Nxd7 Qxd7 20. f5 bxc3 21. bxc3 Rb2 22. fxe6 fxe6 23. Rf1 Qc7 24. Be2 Qe7 25. a4 Rf8 26. Qe3 Rxf1+ 27. Rxf1 Kg7 28. Bb5 Qd6 29. Rf4 g5 30. Rf2 Rb1+ 31. Kg2 h6 32. Qf3 Nd8 33. Qf6+ Kh7 34. Be8 Re1 35. Qg6+ Kh8 36. Qxh6+ Kg8 37. Bg6 1-0

[Event "Titled Tuesday intern op 11th Oct Early"]
[Site "Chess.com INT"]
[Date "2022.10.11"]
[Round "10"]
[White "Podetti, Davide"]
[Black "Torres Bosch, Jose Francisco"]
[Result "1-0"]
[WhiteElo "2260"]
[BlackElo "2173"]
[PlyCount "69"]
[EventDate "2022.10.11"]
[EventType "swiss (blitz)"]
[EventRounds "11"]
[EventCountry "USA"]
[SourceTitle "EXT 2024"]
[Source "ChessBase"]
[SourceDate "2023.10.10"]
[SourceVersion "1"]
[SourceVersionDate "2023.10.10"]
[SourceQuality "1"]

1. e4 e5 2. Nf3 Nc6 3. Bb5 a6 4. Ba4 Nf6 5. 0-0 Be7 6. Re1 b5 7. Bb3 d6 8. a4 b4 9. c3 a5 10. d4 exd4 11. cxd4 0-0 12. Nbd2 Bg4 13. h3 Bh5 14. Qc2 d5 15. Qxc6 dxe4 16. Nxe4 Bxf3 17. Nxf6+ Bxf6 18. Qxf3 Qxd4 19. Re2 Rae8 20. Be3 Qd3 21. Bc2 Qc4 22. b3 Qxe2 23. Qxe2 Bxa1 24. Bd3 Re7 25. Bc4 Rfe8 26. Qf3 Be5 27. Bc5 Bd6 28. Bxd6 cxd6 29. Qd5 Rd8 30. Qxa5 Red7 31. Qxb4 d5 32. Bd3 d4 33. a5 Rc7 34. a6 Rc3 35. a7 1-0

[Event "Titled Tuesday intern op 11th Oct Early"]
[Site "Chess.com INT"]
[Date "2022.10.11"]
[Round "11"]
[White "Shuvalov, Evgenij"]
[Black "Podetti, Davide"]
[Result "0-1"]
[WhiteElo "2149"]
[BlackElo "2260"]
[PlyCount "96"]
[EventDate "2022.10.11"]
[EventType "swiss (blitz)"]
[EventRounds "11"]
[EventCountry "USA"]
[SourceTitle "EXT 2024"]
[Source "ChessBase"]
[SourceDate "2023.10.10"]
[SourceVersion "1"]
[SourceVersionDate "2023.10.10"]
[SourceQuality "1"]

1. d4 Nf6 2. c4 e6 3. Nf3 b6 4. g3 Ba6 5. Nbd2 Bb7 6. Bg2 Be7 7. 0-0 0-0 8. Qc2 c5 9. e4 cxd4 10. Nxd4 Qc8 11. Re1 d6 12. b3 Nbd7 13. Bb2 a6 14. Rac1 Qc7 15. Qb1 Rac8 16. h3 Nc5 17. a4 Rfe8 18. Re3 Nfd7 19. Qa2 Nf6 20. b4 Ncd7 21. a5 bxa5 22. b5 Nc5 23. Bc3 a4 24. Bb4 Nfd7 25. Nb1 Bf6 26. Ne2 Qb6 27. Nbc3 axb5 28. cxb5 Rb8 29. Rb1 Ra8 30. Bf1 Rec8 31. Qa3 Ne5 32. Nf4 g6 33. Be2 Ned7 34. Bf1 Bd4 35. Re2 Ne5 36. Rd1 Kg7 37. Rxd4 Nf3+ 38. Kh1 Nxd4 39. Re1 Nc2 40. Qb2 Nd4 41. Ncd5 Nd3 42. Bxd3 exd5 43. exd5 a3 44. Qa1 Kg8 45. Bxd6 Nf3 46. Bb4 Qxf2 47. Ng2 Qxg3 48. Qe5 Nxe5 0-1

[Event "Trieste op 24th"]
[Site "Trieste"]
[Date "2022.09.09"]
[Round "9"]
[White "Podetti, Davide"]
[Black "Cappelletto, Joshuaede"]
[Result "1/2-1/2"]
[WhiteElo "2229"]
[BlackElo "2323"]
[PlyCount "56"]
[EventDate "2022.09.03"]
[EventType "swiss"]
[EventRounds "9"]
[EventCountry "ITA"]
[SourceTitle "CBM 210 Extra"]
[Source "ChessBase"]
[SourceDate "2022.11.30"]
[SourceVersion "1"]
[SourceVersionDate "2022.11.30"]
[SourceQuality "1"]

1. e4 c5 2. Nf3 d6 3. Bb5+ Nd7 4. d4 Ngf6 5. e5 cxd4 6. Qxd4 dxe5 7. Nxe5 a6 8. Bxd7+ Nxd7 9. 0-0 e6 10. Rd1 Qf6 11. Bg5 Qxg5 12. Nxd7 Qd8 13. Nxf8 Qxd4 14. Rxd4 Rxf8 15. Na3 Bd7 16. Rad1 0-0-0 17. Nc4 Bc6 18. Rxd8+ Rxd8 19. Rxd8+ Kxd8 20. Ne5 Be8 21. f4 Kc7 22. Kf2 f6 23. Nd3 Kd6 24. Ke3 h6 25. Kd4 g5 26. g3 Bg6 27. c4 Bxd3 28. Kxd3 a5 1/2-1/2

[Event "Trieste op 24th"]
[Site "Trieste"]
[Date "2022.09.04"]
[Round "2"]
[White "Korneev, Oleg"]
[Black "Podetti, Davide"]
[Result "1-0"]
[WhiteElo "2460"]
[BlackElo "2229"]
[PlyCount "49"]
[EventDate "2022.09.03"]
[EventType "swiss"]
[EventRounds "9"]
[EventCountry "ITA"]
[SourceTitle "CBM 210 Extra"]
[Source "ChessBase"]
[SourceDate "2022.11.30"]
[SourceVersion "1"]
[SourceVersionDate "2022.11.30"]
[SourceQuality "1"]

1. e4 e5 2. Nf3 Nc6 3. Bb5 a6 4. Ba4 Nf6 5. 0-0 b5 6. Bb3 Bc5 7. Nc3 d6 8. Nd5 0-0 9. d4 exd4 10. Bg5 Bg4 11. h3 Bh5 12. Bxf6 gxf6 13. Nf4 Bg6 14. Bd5 Qd7 15. h4 Rae8 16. Re1 Re5 17. h5 Rxh5 18. Bxc6 Qxc6 19. Nxh5 Bxh5 20. Nxd4 Bxd1 21. Nxc6 Bxc2 22. b4 Bb6 23. Ne7+ Kg7 24. Nd5 Ba7 25. Rac1 1-0